Music Quiz

Random Music or Album Quiz
Score 0/26 Timer 05:00
0 Plays Today
% Correct
Blackstar
99.4%
The Next Day
94.8%
Heathen
79.8%
Reality
76.6%
Let's Dance
75.7%
David Bowie
75.7%
Low
73%
Scary Monsters (and Super Creeps)
72.3%
'Heroes'
71.5%
The Rise and Fall of Ziggy Stardust and the Spiders from Mars
70%
Black Tie White Noise
69.9%
David Bowie (a.k.a. Space Oddity)
69.8%
Earthling
69.2%
% Correct
Aladdin Sane
67.9%
Lodger
67.8%
'Hours...'
66.3%
Station to Station
66.3%
The Buddha of Suburbia
66%
Hunky Dory
65.4%
The Man Who Sold the World
65.1%
Diamond Dogs
64.7%
Young Americans
64%
Tonight
63%
Never Let Me Down
62.4%
Outside
61.5%
Pin Ups
61%
Remove Ads.
Support Sporcle.
Get the best of Sporcle when you Go Orange. This ad-free experience offers more features, more stats, and more fun while also helping to support Sporcle. Thank you for becoming a member.

You're not logged in!

Compare scores with friends on all Sporcle quizzes.
OR
Log In

Show Comments

Extras

Top Quizzes Today


Score Distribution

Your Account Isn't Verified!

In order to create a playlist on Sporcle, you need to verify the email address you used during registration. Go to your Sporcle Settings to finish the process.

Report this User

Report this user for behavior that violates our Community Guidelines.

Details: